000 00363nam a22001457a 4500
005 20230710142957.0
008 230710b ||||| |||| 00| 0 eng d
040 _cAL
041 _aeng
082 _223
_a361.3
_bSINS
100 _aSingh K
_9126254
245 _aSocial Work: theory and practice
260 _aLucknow
_bPrakashan Kendra
_c2000
942 _2ddc
_cBK
999 _c227792
_d227792